| 000 | 00504nam a2200181Ia 4500 | ||
|---|---|---|---|
| 001 | 4841 | ||
| 005 | 20260306145824.0 | ||
| 008 | 260306t2017||||xx |||||||||||||| ||spa|| | ||
| 041 | _aESP | ||
| 082 |
_a330.90511 _bH13 |
||
| 100 |
_aHadfield, Gillian K. _eAUT |
||
| 245 | 0 |
_aRules for a flat world: _bwhy humans invented law and how to reinvent ot for a complex global economy |
|
| 260 | _c2017 | ||
| 300 |
_axii, 396 páginas : _c24 cm. |
||
| 650 | _aGEN | ||
| 654 | _aCAN | ||
| 942 |
_cLIB _dJUS _fJUS _2ddc _n |
||
| 999 |
_c4841 _d4841 |
||